[Event "Meister gegen Talente NSV-II"]
[Site "Emanuel Lasker Arena"]
[Date "2020.11.07"]
[Round "1.1"]
[White "Agile_Pangolin"]
[Black "HannesFM"]
[Result "1-0"]
[WhiteElo "1809"]
[BlackElo "1711"]
[Annotator "NA RC"]
[PlyCount "71"]
[EventDate "2020.11.07"]
[EventType "match (rapid)"]

1. e4 {[%emt 0:00:04]} g6 {[%emt 0:00:09]} 2. d4 {[%emt 0:00:03]} Bg7 {[%emt 0:00:03]} 3. Nf3 {[%emt 0:00:01]} c6 {[%emt 0:00:01]} 4. Nc3 {[%emt 0:00:02]} d5 {[%emt 0:00:02]} 5. h3 {[%emt 0:00:01]} dxe4 {[%emt 0:00:18]} 6. Nxe4 {[%emt 0:00:00]} Nf6 {[%emt 0:00:01]} 7. Nxf6+ {[%emt 0:00:08]} exf6 {[%emt 0:00:00]} 8. Bd3 {[%emt 0:00:43]} O-O {[%emt 0:00:05]} 9. O-O {[%emt 0:00:01]} Be6 {[%emt 0:00:04]} 10. c4 {[%emt 0:00:37]} Na6 {[%emt 0:00:15]} 11. Be3 {[%emt 0:00:04]} Qd7 {[%emt 0:00:04]} 12. Qd2 {[%emt 0:00:22]} Rfe8 {[%emt 0:00:17]} 13. Rfd1 {[%emt 0:00:22]} Nc7 {[%emt 0:00:04]} 14. Rac1 {[%emt 0:00:09]} Bf5 {[%emt 0:00:14]} 15. b3 {[%emt 0:00:37]} Bxd3 {[%emt 0:00:11]} 16. Qxd3 {[%emt 0:00:00]} Rad8 {[%emt 0:00:01]} 17. d5 {[%emt 0:01:08]} b6 {[%emt 0:01:02]} 18. Bf4 {[%emt 0:00:45]} Bf8 {[%emt 0:00:42]} 19. Nd4 {[%emt 0:01:18]} cxd5 {[%emt 0:00:45]} 20. Bxc7 {[%emt 0:00:03]} Qxc7 {[%emt 0:00:00]} 21. cxd5 {[%emt 0:00:03]} Qf4 {[%emt 0:00:07]} 22. Nc6 {[%emt 0:00:11]} Rd7 {[%emt 0:00:11]} 23. g3 {[%emt 0:00:22]} Qe4 {[%emt 0:00:09]} 24. Qxe4 {[%emt 0:01:10]} Rxe4 {[%emt 0:00:00]} 25. Rc2 {[%emt 0:00:01]} f5 {[%emt 0:00:17]} 26. Kf1 {[%emt 0:00:08]} Kg7 {[%emt 0:00:04]} 27. Re2 {[%emt 0:00:07]} Bd6 {[%emt 0:00:12]} 28. Rde1 {[%emt 0:00:26]} Rxe2 {[%emt 0:00:11]} 29. Kxe2 {[%emt 0:00:10]} f4 {[%emt 0:00:12]} 30. g4 {[%emt 0:00:06]} Kf6 {[%emt 0:00:05]} 31. Kf3 {[%emt 0:00:19]} Kg5 {[%emt 0:00:03]} 32. Re8 {[%emt 0:01:46]} h5 {[%emt 0:00:17]} 33. Rd8 {[%emt 0:00:10]} Rxd8 {[%emt 0:00:08]} 34. Nxd8 {[%emt 0:00:00]} hxg4+ {[%emt 0:00:01]} 35. hxg4 {[%emt 0:00:03]} f5 {[%emt 0:00:04]} 36. Nf7+ {[%emt 0:00:04] HannesFM gibt auf} 1-0

[Event "Meister gegen Talente NSV-II"]
[Site "Emanuel Lasker Arena"]
[Date "2020.11.07"]
[Round "1.1"]
[White "Beyond_uoschi"]
[Black "Jan2020"]
[Result "1-0"]
[WhiteElo "1796"]
[BlackElo "1479"]
[Annotator "NA RC"]
[PlyCount "63"]
[EventDate "2020.11.07"]
[EventType "match (rapid)"]

1. d4 {[%emt 0:00:05]} d5 {[%emt 0:00:02]} 2. c4 {[%emt 0:00:05]} c6 {[%emt 0:00:01]} 3. cxd5 {[%emt 0:00:00]} cxd5 {[%emt 0:00:00]} 4. Bg5 {[%emt 0:00:00]} Nc6 {[%emt 0:00:05]} 5. Nc3 {[%emt 0:00:01]} h6 {[%emt 0:00:05]} 6. Bh4 {[%emt 0:00:01]} Bf5 {[%emt 0:00:02]} 7. e3 {[%emt 0:00:02]} Qd7 {[%emt 0:00:05]} 8. Nf3 {[%emt 0:00:09]} e6 {[%emt 0:00:05]} 9. Bb5 {[%emt 0:00:39]} Bd6 {[%emt 0:00:03]} 10. Rc1 {[%emt 0:00:13]} Nge7 {[%emt 0:00:10]} 11. Bxe7 {[%emt 0:00:02]} Qxe7 {[%emt 0:00:16]} 12. O-O {[%emt 0:01:54]} O-O {[%emt 0:00:05]} 13. Bxc6 {[%emt 0:00:01]} bxc6 {[%emt 0:00:05]} 14. Na4 {[%emt 0:00:01]} Rfc8 {[%emt 0:00:27]} 15. Nc5 {[%emt 0:00:11]} Rab8 {[%emt 0:00:12]} 16. b3 {[%emt 0:00:09]} Rb5 {[%emt 0:00:46]} 17. a4 {[%emt 0:00:01]} Rb6 {[%emt 0:00:28]} 18. Nd2 {[%emt 0:00:01]} e5 {[%emt 0:01:29]} 19. Re1 {[%emt 0:00:01]} e4 {[%emt 0:01:34]} 20. Rc3 {[%emt 0:00:57]} Re8 {[%emt 0:04:18]} 21. Qc2 {[%emt 0:00:06]} Qg5 {[%emt 0:02:05]} 22. Nf1 {[%emt 0:00:15]} h5 {[%emt 0:00:42]} 23. a5 {[%emt 0:02:07]} Rb5 {[%emt 0:00:27]} 24. Na6 {[%emt 0:00:02]} Bh3 {[%emt 0:01:23]} 25. Ng3 {[%emt 0:00:32]} Bd7 {[%emt 0:02:03]} 26. Rxc6 {[%emt 0:00:06]} Bxg3 {[%emt 0:00:04]} 27. hxg3 {[%emt 0:00:13]} Rxa5 {[%emt 0:00:02]} 28. Rd6 {[%emt 0:00:39]} Bc8 {[%emt 0:00:13]} 29. Nb4 {[%emt 0:00:33]} Rb5 {[%emt 0:00:03]} 30. Qc6 {[%emt 0:00:10]} Rd8 {[%emt 0:00:07]} 31. Rxd8+ {[%emt 0:00:03]} Qxd8 {[%emt 0:00:02]} 32. Qxb5 {[%emt 0:00:00] Jan2020 gibt auf (Lag: Av=0.39s, max=0.5s)} 1-0

[Event "Meister gegen Talente NSV-II"]
[Site "Emanuel Lasker Arena"]
[Date "2020.11.07"]
[Round "1.1"]
[White "Tschigorinfan97"]
[Black "jemy64"]
[Result "1-0"]
[WhiteElo "1778"]
[BlackElo "1321"]
[Annotator "NA RC"]
[PlyCount "45"]
[EventDate "2020.11.07"]
[EventType "match (rapid)"]

1. d4 {[%emt 0:00:04]} e6 {[%emt 0:00:02]} 2. c4 {[%emt 0:00:06]} Nf6 {[%emt 0:00:03]} 3. Nc3 {[%emt 0:00:04]} Bb4 {[%emt 0:00:02]} 4. Nf3 {[%emt 0:00:04]} b6 {[%emt 0:00:02]} 5. Bg5 {[%emt 0:00:03]} Bb7 {[%emt 0:00:06]} 6. e3 {[%emt 0:00:03]} h6 {[%emt 0:00:04]} 7. Bh4 {[%emt 0:00:03]} g5 {[%emt 0:00:05]} 8. Bg3 {[%emt 0:00:02]} Ne4 {[%emt 0:00:03]} 9. Qc2 {[%emt 0:00:02]} Bxc3+ {[%emt 0:00:23]} 10. bxc3 {[%emt 0:00:00]} d6 {[%emt 0:00:21]} 11. Bd3 {[%emt 0:00:02]} f5 {[%emt 0:00:05]} 12. d5 {[%emt 0:00:02]} Nd7 {[%emt 0:00:04]} 13. Bxe4 {[%emt 0:00:53]} fxe4 {[%emt 0:00:06]} 14. Qxe4 {[%emt 0:00:00]} Qf6 {[%emt 0:00:06]} 15. O-O {[%emt 0:00:02]} Nc5 {[%emt 0:01:02]} 16. Qd4 {[%emt 0:00:02]} Rf8 {[%emt 0:00:39]} 17. Nd2 {[%emt 0:03:11]} O-O-O {[%emt 0:01:55]} 18. f4 {[%emt 0:00:48]} gxf4 {[%emt 0:00:31]} 19. Qxf6 {[%emt 0:00:11]} Rxf6 {[%emt 0:00:04]} 20. Bh4 {[%emt 0:00:02]} Rdf8 {[%emt 0:00:50]} 21. Bxf6 {[%emt 0:00:08]} fxe3 {[%emt 0:00:27]} 22. Bh4 {[%emt 0:00:50]} Rxf1+ {[%emt 0:00:08]} 23. Rxf1 {[%emt 0:00:09] jemy64 resigns (Lag: Av=2.19s, max=7.9s)} 1-0

[Event "Meister gegen Talente NSV-II"]
[Site "Emanuel Lasker Arena"]
[Date "2020.11.07"]
[Round "1.1"]
[White "Agile_Pangolin"]
[Black "Johvon"]
[Result "1-0"]
[WhiteElo "1762"]
[BlackElo "1543"]
[Annotator "NA RC"]
[PlyCount "41"]
[EventDate "2020.11.07"]
[EventType "match (rapid)"]

1. e4 {[%emt 0:00:05]} c6 {[%emt 0:00:01]} 2. d4 {[%emt 0:00:04]} d5 {[%emt 0:00:01]} 3. exd5 {[%emt 0:00:01]} cxd5 {[%emt 0:00:00]} 4. c4 {[%emt 0:00:01]} Nf6 {[%emt 0:00:02]} 5. Nc3 {[%emt 0:00:01]} Nc6 {[%emt 0:00:01]} 6. Bg5 {[%emt 0:00:13]} Be6 {[%emt 0:00:19]} 7. Nge2 {[%emt 0:00:02]} dxc4 {[%emt 0:02:16]} 8. Nf4 {[%emt 0:00:09]} Nxd4 {[%emt 0:01:58]} 9. Nxe6 {[%emt 0:03:53]} Nxe6 {[%emt 0:00:06]} 10. Qa4+ {[%emt 0:01:26]} Qd7 {[%emt 0:00:37]} 11. Nb5 {[%emt 0:00:57]} a6 {[%emt 0:00:38]} 12. Bxc4 {[%emt 0:00:14]} Rc8 {[%emt 0:00:33]} 13. Rd1 {[%emt 0:05:30]} Qc6 {[%emt 0:00:59]} 14. Be3 {[%emt 0:00:27]} Nd7 {[%emt 0:02:02]} 15. Bxe6 {[%emt 0:00:47]} Qxe6 {[%emt 0:00:52]} 16. Nd4 {[%emt 0:00:09]} Qe4 {[%emt 0:00:25]} 17. O-O {[%emt 0:00:05]} e5 {[%emt 0:00:06]} 18. Rfe1 {[%emt 0:00:09]} Be7 {[%emt 0:00:46]} 19. Bg5 {[%emt 0:00:07]} Qg4 {[%emt 0:00:47]} 20. Bxe7 {[%emt 0:00:04]} Kxe7 {[%emt 0:00:11]} 21. Nc6+ {[%emt 0:00:02] Johvon gibt auf} 1-0

[Event "Meister gegen Talente NSV-II"]
[Site "Emanuel Lasker Arena"]
[Date "2020.11.07"]
[Round "1.1"]
[White "PeterLaFleur"]
[Black "jemy64"]
[Result "1-0"]
[WhiteElo "1762"]
[BlackElo "1378"]
[Annotator "NA RC"]
[PlyCount "145"]
[EventDate "2020.11.07"]
[EventType "match (rapid)"]

1. Nf3 {[%emt 0:00:01]} e6 {[%emt 0:00:02]} 2. c4 {[%emt 0:00:06]} Nf6 {[%emt 0:00:06]} 3. Nc3 {[%emt 0:00:04]} c5 {[%emt 0:00:07]} 4. d4 {[%emt 0:00:09]} cxd4 {[%emt 0:00:07]} 5. Nxd4 {[%emt 0:00:00]} b6 {[%emt 0:00:23]} 6. e4 {[%emt 0:00:10]} Bb7 {[%emt 0:00:40]} 7. f3 {[%emt 0:00:04]} d6 {[%emt 0:00:11]} 8. Be3 {[%emt 0:00:03]} Be7 {[%emt 0:00:04]} 9. Be2 {[%emt 0:00:03]} O-O {[%emt 0:00:02]} 10. O-O {[%emt 0:00:01]} a6 {[%emt 0:00:04]} 11. Qd2 {[%emt 0:00:06]} Nbd7 {[%emt 0:00:06]} 12. a4 {[%emt 0:00:23] jemy64 reconnected. jemy64 reconnected.} Nc5 {[%emt 0:01:20]} 13. Qc2 {[%emt 0:00:24]} Rc8 {[%emt 0:00:16]} 14. Rfd1 {[%emt 0:00:11]} Qc7 {[%emt 0:00:12]} 15. Bf2 {[%emt 0:00:41]} Qb8 {[%emt 0:00:17]} 16. a5 {[%emt 0:00:25]} bxa5 {[%emt 0:00:10]} 17. Rxa5 {[%emt 0:00:03]} Rfd8 {[%emt 0:00:16]} 18. b4 {[%emt 0:00:15]} Ncd7 {[%emt 0:00:04]} 19. Qb3 {[%emt 0:00:03]} Ne5 {[%emt 0:00:15]} 20. b5 {[%emt 0:00:33]} Qc7 {[%emt 0:00:41]} 21. Ra4 {[%emt 0:02:21]} Nfd7 {[%emt 0:00:26]} 22. bxa6 {[%emt 0:01:32]} Nc5 {[%emt 0:00:42]} 23. axb7 {[%emt 0:00:19]} Nxb3 {[%emt 0:00:09]} 24. bxc8=Q {[%emt 0:00:01]} Rxc8 {[%emt 0:00:11]} 25. Nxb3 {[%emt 0:00:06]} Qb7 {[%emt 0:00:33]} 26. Nb5 {[%emt 0:00:18]} Ra8 {[%emt 0:01:39]} 27. Rda1 {[%emt 0:00:54]} Rxa4 {[%emt 0:00:18]} 28. Rxa4 {[%emt 0:00:00]} Nc6 {[%emt 0:00:26]} 29. N3d4 {[%emt 0:00:28]} Bf8 {[%emt 0:00:16]} 30. Nxc6 {[%emt 0:00:10]} Qxc6 {[%emt 0:00:03]} 31. Ra1 {[%emt 0:00:17] jemy64 reconnected.} h5 {[%emt 0:00:28]} 32. Rd1 {[%emt 0:00:07]} Kh7 {[%emt 0:00:25]} 33. Bg3 {[%emt 0:00:17] jemy64 reconnected.} Qc5+ {[%emt 0:00:08]} 34. Kf1 {[%emt 0:00:01]} f6 {[%emt 0:00:47]} 35. Bxd6 {[%emt 0:00:05]} Bxd6 {[%emt 0:00:04]} 36. Nxd6 {[%emt 0:00:00]} h4 {[%emt 0:00:09]} 37. Nb5 {[%emt 0:00:30]} Qe5 {[%emt 0:00:03]} 38. h3 {[%emt 0:00:08]} Qh2 {[%emt 0:00:02]} 39. Nd4 {[%emt 0:00:15]} Qe5 {[%emt 0:00:18]} 40. c5 {[%emt 0:00:08]} Qxc5 {[%emt 0:00:05]} 41. Nxe6 {[%emt 0:00:02]} Qe5 {[%emt 0:00:02]} 42. Nd4 {[%emt 0:00:07]} g6 {[%emt 0:00:07]} 43. Nc2 {[%emt 0:00:03]} Qf4 {[%emt 0:00:06]} 44. Ne1 {[%emt 0:00:09]} Qh2 {[%emt 0:00:12]} 45. Nd3 {[%emt 0:00:07]} Kh6 {[%emt 0:00:14]} 46. Nf2 {[%emt 0:00:22]} f5 {[%emt 0:00:24]} 47. exf5 {[%emt 0:00:07]} gxf5 {[%emt 0:00:03]} 48. f4 {[%emt 0:01:28]} Qxf4 {[%emt 0:00:33]} 49. Kg1 {[%emt 0:00:03]} Qe3 {[%emt 0:00:11]} 50. Rd3 {[%emt 0:00:16]} Qc1+ {[%emt 0:00:08]} 51. Nd1 {[%emt 0:00:07]} Qc2 {[%emt 0:00:12]} 52. Kf1 {[%emt 0:00:04]} Qc1 {[%emt 0:00:20]} 53. Rf3 {[%emt 0:00:09]} Kg5 {[%emt 0:00:09]} 54. Ke1 {[%emt 0:00:14]} Qb1 {[%emt 0:00:33]} 55. Bd3 {[%emt 0:00:11]} Qb4+ {[%emt 0:00:02]} 56. Kf1 {[%emt 0:00:05]} f4 {[%emt 0:00:02]} 57. Be2 {[%emt 0:00:04]} Qd4 {[%emt 0:00:12]} 58. Rd3 {[%emt 0:00:02]} Qe4 {[%emt 0:00:03]} 59. Nf2 {[%emt 0:00:07]} Qb4 {[%emt 0:00:08]} 60. Bf3 {[%emt 0:00:03]} Qb1+ {[%emt 0:00:05]} 61. Rd1 {[%emt 0:00:01]} Qb5+ {[%emt 0:00:02]} 62. Kg1 {[%emt 0:00:01]} Qb2 {[%emt 0:00:07]} 63. Ne4+ {[%emt 0:00:09]} Kg6 {[%emt 0:00:09]} 64. Rd6+ {[%emt 0:00:02] jemy64 reconnected.} Kg7 {[%emt 0:00:33]} 65. Kh2 {[%emt 0:00:01]} Qc1 {[%emt 0:00:16]} 66. Rd5 {[%emt 0:00:08]} Qe1 {[%emt 0:00:21]} 67. Rg5+ {[%emt 0:00:02]} Kh6 {[%emt 0:00:03]} 68. Rg4 {[%emt 0:00:08]} Kh7 {[%emt 0:00:12]} 69. Nf6+ {[%emt 0:00:53]} Kh6 {[%emt 0:00:04]} 70. Be4 {[%emt 0:00:33]} Qg3+ {[%emt 0:00:50]} 71. Rxg3 {[%emt 0:00:03]} fxg3+ {[%emt 0:00:00]} 72. Kg1 {[%emt 0:00:01]} Kg5 {[%emt 0:00:00]} 73. Nd5 {[%emt 0:00:02] jemy64 resigns} 1-0

[Event "Meister gegen Talente NSV-II"]
[Site "Emanuel Lasker Arena"]
[Date "2020.11.07"]
[Round "1.1"]
[White "Beyond_uoschi"]
[Black "Torjaeger10"]
[Result "1-0"]
[WhiteElo "1706"]
[BlackElo "1605"]
[Annotator "NA RC"]
[PlyCount "87"]
[EventDate "2020.11.07"]
[EventType "match (rapid)"]

1. d4 {[%emt 0:00:03]} Nf6 {[%emt 0:00:02]} 2. c4 {[%emt 0:00:01]} e6 {[%emt 0:00:02]} 3. Nc3 {[%emt 0:00:01]} Bb4 {[%emt 0:00:01]} 4. Qc2 {[%emt 0:00:01]} O-O {[%emt 0:00:05]} 5. a3 {[%emt 0:00:01]} Bxc3+ {[%emt 0:00:01]} 6. Qxc3 {[%emt 0:00:00]} d5 {[%emt 0:00:02]} 7. Bg5 {[%emt 0:00:02]} dxc4 {[%emt 0:00:38]} 8. Qxc4 {[%emt 0:00:00]} b6 {[%emt 0:00:08]} 9. Rd1 {[%emt 0:00:01]} Ba6 {[%emt 0:00:03]} 10. Qa4 {[%emt 0:00:01]} Qd7 {[%emt 0:00:02]} 11. Qc2 {[%emt 0:00:01]} Qc6 {[%emt 0:00:17]} 12. Qxc6 {[%emt 0:00:03]} Nxc6 {[%emt 0:00:00]} 13. Bxf6 {[%emt 0:00:01]} gxf6 {[%emt 0:00:01]} 14. e3 {[%emt 0:00:02]} Bxf1 {[%emt 0:00:13]} 15. Kxf1 {[%emt 0:00:00]} Rfd8 {[%emt 0:00:01]} 16. Ke2 {[%emt 0:00:18]} f5 {[%emt 0:00:22]} 17. Nf3 {[%emt 0:00:10]} Kf8 {[%emt 0:00:14]} 18. Rc1 {[%emt 0:00:08]} Rd6 {[%emt 0:02:23]} 19. Rc3 {[%emt 0:00:13]} Rc8 {[%emt 0:01:02]} 20. Rhc1 {[%emt 0:00:11]} Ne7 {[%emt 0:00:02]} 21. Rxc7 {[%emt 0:00:02]} Rxc7 {[%emt 0:00:00]} 22. Rxc7 {[%emt 0:00:01]} Rc6 {[%emt 0:00:01]} 23. Rxc6 {[%emt 0:00:19]} Nxc6 {[%emt 0:00:00]} 24. Ne5 {[%emt 0:00:00]} Nd8 {[%emt 0:00:12]} 25. Kd3 {[%emt 0:00:09]} Ke7 {[%emt 0:00:03]} 26. Kc4 {[%emt 0:00:03]} a6 {[%emt 0:00:05]} 27. d5 {[%emt 0:00:46]} f6 {[%emt 0:01:08]} 28. Nf3 {[%emt 0:00:02]} Nb7 {[%emt 0:00:36]} 29. dxe6 {[%emt 0:00:05]} Kxe6 {[%emt 0:00:00]} 30. Nd4+ {[%emt 0:00:08]} Ke5 {[%emt 0:00:06]} 31. Nc6+ {[%emt 0:00:19]} Ke4 {[%emt 0:00:10]} 32. Nb4 {[%emt 0:00:01]} a5 {[%emt 0:00:16]} 33. Nc2 {[%emt 0:00:31]} Nd6+ {[%emt 0:00:07]} 34. Kc3 {[%emt 0:00:00]} Nb5+ {[%emt 0:00:16]} 35. Kd2 {[%emt 0:00:01]} f4 {[%emt 0:00:10]} 36. exf4 {[%emt 0:00:25]} Kxf4 {[%emt 0:00:00]} 37. Kd3 {[%emt 0:00:00]} Nd6 {[%emt 0:00:19]} 38. Ne3 {[%emt 0:00:10]} b5 {[%emt 0:00:14]} 39. Kd4 {[%emt 0:00:30]} Ne4 {[%emt 0:00:19]} 40. Nd5+ {[%emt 0:00:01]} Kf5 {[%emt 0:00:02]} 41. g4+ {[%emt 0:00:01]} Kxg4 {[%emt 0:00:07]} 42. Kxe4 {[%emt 0:00:00]} Kh3 {[%emt 0:00:05]} 43. Nxf6 {[%emt 0:00:02]} Kxh2 {[%emt 0:00:01]} 44. Nxh7 {[%emt 0:00:01] Torjaeger10 resigns (Lag: Av=0.29s, max=0.7s)} 1-0

[Event "Meister gegen Talente NSV-II"]
[Site "Emanuel Lasker Arena"]
[Date "2020.11.07"]
[Round "1.1"]
[White "JR43"]
[Black "Jan2020"]
[Result "1-0"]
[WhiteElo "1676"]
[BlackElo "1440"]
[Annotator "NA RC"]
[PlyCount "159"]
[EventDate "2020.11.07"]
[EventType "match (rapid)"]
[WhiteTeam "SV Werder Bremen I"]

{Reuker, Jari (2394)} 1. c4 {[%emt 0:00:18]} c6 {[%emt 0:00:02]} 2. Nf3 {[%emt 0:00:06]} d5 {[%emt 0:00:01]} 3. g3 {[%emt 0:00:01]} Nf6 {[%emt 0:00:09]} 4. Bg2 {[%emt 0:00:03]} Bg4 {[%emt 0:00:56]} 5. O-O {[%emt 0:00:14]} e6 {[%emt 0:00:08]} 6. h3 {[%emt 0:00:04]} Bxf3 {[%emt 0:00:17]} 7. Bxf3 {[%emt 0:00:03]} Be7 {[%emt 0:01:09]} 8. d3 {[%emt 0:00:52]} O-O {[%emt 0:00:03]} 9. Qb3 {[%emt 0:00:03]} Qb6 {[%emt 0:00:15]} 10. Be3 {[%emt 0:00:05]} Qxb3 {[%emt 0:00:47]} 11. axb3 {[%emt 0:00:00]} a6 {[%emt 0:00:58]} 12. Bd4 {[%emt 0:00:25]} Nbd7 {[%emt 0:00:26]} 13. Bc3 {[%emt 0:00:23]} b5 {[%emt 0:04:15]} 14. Bg2 {[%emt 0:04:16]} e5 {[%emt 0:02:29]} 15. Ba5 {[%emt 0:02:40]} Rfc8 {[%emt 0:01:19]} 16. Nd2 {[%emt 0:01:03]} Bd8 {[%emt 0:00:39]} 17. Rfc1 {[%emt 0:00:37]} bxc4 {[%emt 0:02:06]} 18. bxc4 {[%emt 0:00:16]} Be7 {[%emt 0:00:27]} 19. Ra2 {[%emt 0:01:26]} d4 {[%emt 0:00:04]} 20. Rca1 {[%emt 0:00:36]} Rab8 {[%emt 0:00:02]} 21. Nf3 {[%emt 0:01:55]} c5 {[%emt 0:00:08]} 22. Nd2 {[%emt 0:00:23]} Bd8 {[%emt 0:00:03]} 23. b3 {[%emt 0:00:07]} Be7 {[%emt 0:00:06]} 24. Ra3 {[%emt 0:00:14]} Ne8 {[%emt 0:00:03]} 25. Nf3 {[%emt 0:00:43]} f6 {[%emt 0:00:04]} 26. Be1 {[%emt 0:00:03]} Rb6 {[%emt 0:00:08]} 27. Nd2 {[%emt 0:00:04]} Nc7 {[%emt 0:00:04]} 28. f4 {[%emt 0:00:02]} Kf7 {[%emt 0:00:08]} 29. f5 {[%emt 0:00:01]} Nb8 {[%emt 0:00:03]} 30. g4 {[%emt 0:00:19]} Nc6 {[%emt 0:00:03]} 31. h4 {[%emt 0:00:01]} Nb4 {[%emt 0:00:02]} 32. Rc1 {[%emt 0:00:08]} h6 {[%emt 0:00:09]} 33. Kh2 {[%emt 0:00:02]} Ne8 {[%emt 0:00:04]} 34. Kg3 {[%emt 0:00:10]} Nd6 {[%emt 0:00:05]} 35. Ne4 {[%emt 0:00:01]} Nxe4+ {[%emt 0:00:07]} 36. Bxe4 {[%emt 0:00:00]} Rcb8 {[%emt 0:00:02]} 37. Bxb4 {[%emt 0:00:16]} Rxb4 {[%emt 0:00:00]} 38. Bd5+ {[%emt 0:00:02]} Ke8 {[%emt 0:00:08]} 39. Rb1 {[%emt 0:00:07]} a5 {[%emt 0:00:05]} 40. Kf3 {[%emt 0:00:01]} a4 {[%emt 0:00:03]} 41. Bc6+ {[%emt 0:00:01]} Kd8 {[%emt 0:00:05]} 42. Bxa4 {[%emt 0:00:01]} Ra8 {[%emt 0:00:05]} 43. Rba1 {[%emt 0:00:03]} Rab8 {[%emt 0:00:03]} 44. Bb5 {[%emt 0:00:02]} Bd6 {[%emt 0:00:10]} 45. Ke4 {[%emt 0:00:01]} Rb7 {[%emt 0:00:05]} 46. Ra8+ {[%emt 0:00:06]} Ke7 {[%emt 0:00:03]} 47. R1a3 {[%emt 0:00:01]} Bc7 {[%emt 0:00:04]} 48. Kd5 {[%emt 0:00:06]} Rb8 {[%emt 0:00:01]} 49. R8a7 {[%emt 0:00:01]} Kd8 {[%emt 0:00:19]} 50. Ke6 {[%emt 0:00:08]} R8xb5 {[%emt 0:00:03]} 51. cxb5 {[%emt 0:00:01]} Rxb5 {[%emt 0:00:03]} 52. Ra8+ {[%emt 0:00:01]} Rb8 {[%emt 0:00:00]} 53. Rxb8+ {[%emt 0:00:02]} Bxb8 {[%emt 0:00:02]} 54. Kf7 {[%emt 0:00:02]} Kd7 {[%emt 0:00:03]} 55. Kxg7 {[%emt 0:00:01]} Bc7 {[%emt 0:00:02]} 56. Kxf6 {[%emt 0:00:02]} Bb6 {[%emt 0:00:00]} 57. Ra4 {[%emt 0:00:01]} Bd8+ {[%emt 0:00:03]} 58. Kxe5 {[%emt 0:00:02]} Bxh4 {[%emt 0:00:00]} 59. Kd5 {[%emt 0:00:03]} Bg3 {[%emt 0:00:00]} 60. Ra7+ {[%emt 0:00:01]} Bc7 {[%emt 0:00:01]} 61. Kxc5 {[%emt 0:00:02]} Ke8 {[%emt 0:00:04]} 62. Rxc7 {[%emt 0:00:02]} Kf8 {[%emt 0:00:00]} 63. Kxd4 {[%emt 0:00:02]} h5 {[%emt 0:00:00]} 64. gxh5 {[%emt 0:00:02]} Ke8 {[%emt 0:00:01]} 65. e4 {[%emt 0:00:01]} Kf8 {[%emt 0:00:00]} 66. Ra7 {[%emt 0:00:01]} Kg8 {[%emt 0:00:00]} 67. h6 {[%emt 0:00:01]} Kh8 {[%emt 0:00:00]} 68. e5 {[%emt 0:00:01]} Kg8 {[%emt 0:00:00]} 69. Ke4 {[%emt 0:00:01]} Kh8 {[%emt 0:00:00]} 70. d4 {[%emt 0:00:01]} Kg8 {[%emt 0:00:00]} 71. d5 {[%emt 0:00:00]} Kf8 {[%emt 0:00:00]} 72. d6 {[%emt 0:00:00]} Ke8 {[%emt 0:00:00]} 73. e6 {[%emt 0:00:00]} Kf8 {[%emt 0:00:00]} 74. f6 {[%emt 0:00:00]} Kg8 {[%emt 0:00:02]} 75. Kf5 {[%emt 0:00:01]} Kh8 {[%emt 0:00:00]} 76. Kg6 {[%emt 0:00:01]} Kg8 {[%emt 0:00:00]} 77. b4 {[%emt 0:00:03]} Kf8 {[%emt 0:00:02]} 78. b5 {[%emt 0:00:00]} Ke8 {[%emt 0:00:00]} 79. b6 {[%emt 0:00:00]} Kf8 {[%emt 0:00:01]} 80. Ra8# {[%emt 0:00:01] (Lag: Av=0.55s, max=1.3s)} 1-0

[Event "Meister gegen Talente NSV-II"]
[Site "Emanuel Lasker Arena"]
[Date "2020.11.07"]
[Round "1.1"]
[White "Torjaeger10"]
[Black "Tschigorinfan97"]
[Result "0-1"]
[WhiteElo "1665"]
[BlackElo "1717"]
[Annotator "NA RC"]
[PlyCount "76"]
[EventDate "2020.11.07"]
[EventType "match (rapid)"]

1. e4 {[%emt 0:00:04]} c5 {[%emt 0:00:07]} 2. Nf3 {[%emt 0:00:02]} Nc6 {[%emt 0:00:01]} 3. Nc3 {[%emt 0:00:03]} g6 {[%emt 0:00:01]} 4. d4 {[%emt 0:00:02]} cxd4 {[%emt 0:00:00]} 5. Nxd4 {[%emt 0:00:00]} Bg7 {[%emt 0:00:01]} 6. Be3 {[%emt 0:00:01]} Nf6 {[%emt 0:00:02]} 7. Bc4 {[%emt 0:00:01]} O-O {[%emt 0:00:01]} 8. Bb3 {[%emt 0:00:01]} d6 {[%emt 0:00:05]} 9. f3 {[%emt 0:00:01]} Nxd4 {[%emt 0:00:04]} 10. Bxd4 {[%emt 0:00:00]} Be6 {[%emt 0:00:01]} 11. Qd2 {[%emt 0:00:04]} Qa5 {[%emt 0:00:01]} 12. O-O-O {[%emt 0:00:07]} b5 {[%emt 0:00:10]} 13. Kb1 {[%emt 0:00:18]} Rfc8 {[%emt 0:00:10]} 14. h4 {[%emt 0:00:14]} Bxb3 {[%emt 0:00:07]} 15. cxb3 {[%emt 0:00:00]} b4 {[%emt 0:00:05]} 16. Nd5 {[%emt 0:00:10]} Nxd5 {[%emt 0:00:05]} 17. Bxg7 {[%emt 0:00:03]} Nc3+ {[%emt 0:00:57]} 18. Bxc3 {[%emt 0:01:04]} bxc3 {[%emt 0:00:03]} 19. bxc3 {[%emt 0:00:01]} Rxc3 {[%emt 0:00:30]} 20. h5 {[%emt 0:00:31]} Rb8 {[%emt 0:00:42]} 21. Ka1 {[%emt 0:00:57]} Rbxb3 {[%emt 0:05:13]} 22. hxg6 {[%emt 0:01:18]} hxg6 {[%emt 0:02:34]} 23. f4 {[%emt 0:04:12]} Ra3 {[%emt 0:00:46]} 24. Kb1 {[%emt 0:01:27]} Rcb3+ {[%emt 0:02:37]} 25. Ka1 {[%emt 0:00:58]} Rxa2+ {[%emt 0:00:18]} 26. Qxa2 {[%emt 0:00:00]} Ra3 {[%emt 0:00:01]} 27. Rd2 {[%emt 0:00:08]} Rxa2+ {[%emt 0:00:26]} 28. Rxa2 {[%emt 0:00:00]} Qc3+ {[%emt 0:00:01]} 29. Kb1 {[%emt 0:00:09]} Qd3+ {[%emt 0:00:07]} 30. Ka1 {[%emt 0:00:04]} Qd4+ {[%emt 0:00:02]} 31. Rb2 {[%emt 0:00:04]} a5 {[%emt 0:00:25]} 32. Re1 {[%emt 0:00:24]} a4 {[%emt 0:00:16]} 33. Ka2 {[%emt 0:00:07]} Qc4+ {[%emt 0:00:20]} 34. Kb1 {[%emt 0:00:06]} a3 {[%emt 0:00:09]} 35. Rb8+ {[%emt 0:00:04]} Kg7 {[%emt 0:00:02]} 36. f5 {[%emt 0:00:34]} a2+ {[%emt 0:00:17]} 37. Kb2 {[%emt 0:00:03]} Qd4+ {[%emt 0:00:01]} 38. Kxa2 {[%emt 0:00:05]} Qa7+ {[%emt 0:00:10] Torjaeger10 resigns} 0-1